Toxicología en urgencias : guía práctica /

שמור ב:
מידע ביבליוגרפי
מחבר ראשי: Avila Alvarez, Albert Alejandro (autor.)
פורמט: ספר אלקטרוני
שפה:ספרדית
יצא לאור: Bogotá : Editorial Médica Celsus, 2026.
מהדורה:2a. edición.
נושאים:
גישה מקוונת:https://elibro.unach.elogim.com/es/lc/unach/titulos/287281
תגים: הוספת תג
אין תגיות, היה/י הראשונ/ה לתייג את הרשומה!

MARC

LEADER 00000nam a2200000 i 4500
001 ELB287281
003 FINmELB
005 20251022125558.0
006 m o u
007 cr cn|||||||||
008 251022s2026 ck ob 000 0 spa d
020 |z 9789589327838 
035 |a (OCoLC)1546815301 
040 |a FINmELB  |b spa  |e rda  |c FINmELB 
050 1 4 |a RA1211  |b A958 2026 
080 |a 615.9 
082 0 4 |a 615.9  |2 23 
100 1 |a Avila Alvarez, Albert Alejandro,  |e autor. 
245 1 0 |a Toxicología en urgencias :  |b guía práctica /  |c Albert Alejandro Ávila Álvarez. 
250 |a 2a. edición. 
264 1 |a Bogotá :  |b Editorial Médica Celsus,  |c 2026. 
300 |a 1 recurso en línea (861 páginas) 
336 |a texto  |b txt  |2 rdamedia/spa 
337 |a computadora  |b c  |2 rdamedia/spa 
338 |a recurso en línea  |b cr  |2 rdacarrier/spa 
504 |a Contiene bibliografía. 
588 |a Descripción basada en metadatos suministrados por el editor y otras fuentes. 
590 |a Recurso electrónico. Santa Fe, Arg.: elibro, 2025. Disponible vía World Wide Web. El acceso puede estar limitado para las bibliotecas afiliadas a elibro. 
650 4 |a Toxicología. 
650 4 |a Medicina de urgencias. 
655 4 |a Libros electrónicos. 
797 2 |a elibro, Corp. 
856 4 0 |u https://elibro.unach.elogim.com/es/lc/unach/titulos/287281